« Retourner aux résultats de recherche
grand livre de la magie (Le)
| Auteur principal: | Gilles Arthur |
|---|---|
| D'autres auteurs: | Jean-Marie Poissenot Carole Gourrat Eric Puybaret Sarah Andreacchio |
| Support: | Livres |
| Langue: | Francais |
| Publié: |
2015 Deux Coqs d'Or Paris |
| Genre: |
Documentaire jeunesse |
| Sujets: | |
| Étiquettes: |
Ajouter
Pas de Tags !
|
| LEADER | 01104nam0a2200265 450 | ||
|---|---|---|---|
| 001 | 16824750 | ||
| 010 | |a 978-2-01-227244-6 |b rel. |d 12,5 | ||
| 100 | |a 20151027d2015 u u0frey01 ba | ||
| 101 | 0 | |a fre | |
| 102 | |a FR | ||
| 200 | 0 | |a grand livre de la magie (Le) |f Gilles Arthur |g illustrations Jean-Marie Poissenot, Carole Gourrat, Eric Puybaret, Sarah Andreacchio | |
| 205 | |a Nouvelle édition | ||
| 207 | 1 | |a | |
| 210 | |a Paris |b 28 Rue de la Boétie. |c Deux Coqs d'Or |d 2015 | ||
| 215 | |a 252 p. |c illustrations en couleur |d 23 cm | ||
| 300 | |a Sites web,Sites web | ||
| 330 | |a Des tours de magie expliqués en pas à pas illustrés. Une rapide histoire de la magie permet de connaître les grands noms et les grands tours. Electre 2015 | ||
| 700 | 0 | |a Arthur |b Gilles |4 70 | |
| 702 | 0 | |a Poissenot |b Jean-Marie |4 440 | |
| 702 | 0 | |a Gourrat |b Carole |4 440 | |
| 702 | 0 | |a Puybaret |b Eric |f 1976-.... |4 440 | |
| 702 | 0 | |a Andreacchio |b Sarah |4 440 | |
| 900 | |a Documentaire jeunesse | ||
| 901 | |a Accessible au prêt | ||
| 995 | |a BD 13 |b 156 |c Bibliothèque |f 00156009801689 |h 00156009801689 |k E 793.8 ART |o p |q j |r az |e BD 13 | ||
